sun bleached flies - ethel cain - Statistics

General Stats
  • This quiz has been taken 30 times
  • The average score is 372 of 428
Answer Stats
Answer % Correct
i
100%
"i
100%
(i
100%
in
100%
a
95%
all
95%
always
95%
and
95%
as
95%
be
95%
be"
95%
be)
95%
but
95%
end
95%
if
95%
"if
95%
just
95%
me
95%
me)
95%
no
95%
no)
95%
on
95%
save
95%
that
95%
the
95%
then
95%
to
95%
will
95%
you
95%
you"
95%
about
91%
baby
91%
bleached
91%
coming
91%
flies
91%
for
91%
give
91%
how
91%
(how
91%
it
91%
(it
91%
its
91%
knew
91%
meant
91%
one
91%
prayed
91%
so
91%
sun
91%
their
91%
they
91%
twice
91%
was
91%
when
91%
windows
91%
are
86%
babies
86%
back
86%
(back
86%
cause
86%
church
86%
comes
86%
daddy
86%
day
86%
em
86%
enough
86%
forgive
86%
go
86%
"god
86%
god
86%
hard
86%
hard)
86%
hit
86%
(hit
86%
keep
86%
know
86%
loves
86%
my
86%
nebraska
86%
not
86%
of
86%
once
86%
praying
86%
raised
86%
singing
86%
sitting
86%
talk
86%
thats
86%
waiting
86%
windowsill
86%
would
86%
wouldnt
86%
by
82%
care
82%
girl
82%
good
82%
him
82%
house
82%
im
82%
luck
82%
strike
82%
sunday
82%
taking
82%
there
82%
this
82%
told
82%
want
82%
what
82%
yourself
82%
breathing
77%
changing
77%
choir
77%
escape
77%
heart
77%
listening
77%
met
77%
money
77%
(oh
77%
oh)
77%
(oh)
77%
poison
77%
still
77%
we
77%
believe"
73%
believe
73%
cant
73%
dont
73%
edge
73%
fall
73%
said
73%
town
73%
while
73%
broken
68%
highway
68%
hurts
68%
let
68%
paint
68%
think
68%
why
68%
yeah)
68%
(yeah)
68%
break
64%
fight
64%
"fine"
64%
gave
64%
goes
64%
heartfelt
64%
home
64%
ive
64%
less
64%
life
64%
more
64%
never
64%
out
64%
put
64%
shows
64%
somethings
64%
dancing
59%
from
59%
now
59%
sidelines
59%
spend
59%
time
59%
tried
59%
up
59%
watching
59%
could
55%
far
55%
feel
55%
mind
55%
with
55%
like
50%
open
50%
weight
45%
under
36%
bent
18%
(itll
9%
No matching quizzes found
Score Distribution
Percent of People with Each Score
Percentile by Number Answered
Your Score History
You have not taken this quiz